It looks like you're offline.
Open Library logo
additional options menu

MARC Record from Scriblio

Record ID marc_records_scriblio_net/part19.dat:99586108:759
Source Scriblio
Download Link /show-records/marc_records_scriblio_net/part19.dat:99586108:759?format=raw

LEADER: 00759cam 2200241 a 4500
001 87029204
003 DLC
005 20030924081939.0
008 871021t19881987nyu 000 0aeng
010 $a 87029204
020 $a0140094296 (pbk.)
040 $aDLC$cDLC$dDLC
043 $au-at---
050 10 $aDU105.2$b.C43 1988
082 00 $a919.4/0463$219
100 1 $aChatwin, Bruce,$d1940-1989.
245 14 $aThe songlines /$cBruce Chatwin.
260 $aNew York, N.Y., U.S.A. :$bPenguin Books,$c1988, c1987.
300 $a295 p. ;$c20 cm.
651 0 $aAustralia$xDescription and travel.
600 10 $aChatwin, Bruce,$d1940-1989$xTravel$zAustralia.
651 0 $aAustralia$xSocial life and customs.
650 0 $aAboriginal Australians$xSocial life and customs.